000 01229cam a22003135a 4500
001 5997
003 FISKH
005 20250219095822.0
008 101215s2011 paua d 000 1 eng
010 _a 2010942876
020 _a9781594744761 (alk. paper)
020 _a9781594746031
_c$18.50
040 _aDLC
_cDLC
_beng
050 _aPZ7.R4423
082 _a813.6
100 1 _aRiggs, Ransom.
245 1 0 _aMiss Peregrine's home for peculiar children /
_cby Ransom Riggs.
250 _aFirst paperback edition, Quirk Books, 2013
260 _aPhiladelphia :
_bQuirk Books,
_c2011.
300 _a382 pages :
_billustrations ;
_c21 cm
520 _aA horrific family tragedy sends sixteen-year-old Jacob journeying to a remote island off the coast of Wales, where he discovers the crumbling ruins of an old orphanage that was home to children who were more than just peculiar, but possibly dangerous--and who may still be alive. Illustrated with vintage found photographs.
650 1 _aSupernatural
_vFiction.
650 1 _aGrandfathers
_vFiction.
650 1 _aOrphanages
_vFiction.
651 1 _aWales
_vFiction.
906 _a7
_bcbc
_corignew
_d2
_eepcn
_f20
_gy-gencatlg
942 _2ddc
_cBK
_n0
999 _c5997
_d5997